| 000 | 00452nam a22001457a 4500 | ||
|---|---|---|---|
| 003 | SGT | ||
| 082 |
_a617.84 _bE22K |
||
| 100 | _aKUMAR, ABHISHEK | ||
| 245 | _aEFFECT OF BOSUBALL TRAINING VS THERABAND EXERCISE IN IMPROVING BALANCE, LOWER LIMB POWER, PAIN, FLEXIBILITY AND CORE STRENGTH IN FREE STYLE WRESTLERS POST GROIN STRAIN | ||
| 260 |
_aGURUGRAM _bSGT UNIVERSITY _c2022 |
||
| 300 | _a152 | ||
| 650 | _aSPORTS | ||
| 653 | _aMPT | ||
| 942 |
_2ddc _cTH |
||
| 999 |
_c32192 _d32192 |
||